[Event "BCF-ch U12"]
[Site "Aberystwyth"]
[Date "2014.07.27"]
[Round "1"]
[White "Hinterreither, Nikolai"]
[Black "Archer Lock, Helen"]
[Result "1-0"]
[WhiteElo "146"]
[BlackElo "100"]
[PlyCount "127"]
[EventDate "2014.07.27"]
[EventType "swiss"]
[EventRounds "7"]
[EventCountry "WLS"]
[SourceTitle "EXT 2017"]
[Source "ChessBase"]
[SourceDate "2016.10.25"]
[SourceVersion "1"]
[SourceVersionDate "2016.10.25"]
[SourceQuality "1"]

1. e4 e6 2. d4 d5 3. e5 c5 4. c3 Bd7 5. Nf3 Qb6 6. Be2 cxd4 7. cxd4 Bb5 8. Nc3 Bxe2 9. Qxe2 Ne7 10. 0-0 Nec6 11. Rd1 Nd7 12. Be3 Be7 13. a3 0-0 14. Rac1 Rac8 15. Qd2 f6 16. Ne2 Na5 17. Rxc8 Rxc8 18. Rc1 Rxc1+ 19. Qxc1 Qc6 20. Bd2 Qxc1+ 21. Nxc1 Nc4 22. Bc3 fxe5 23. Nxe5 Ndxe5 24. dxe5 Bc5 25. Nb3 Bb6 26. Nd4 Kf7 27. Kf1 Bc7 28. Nf3 Kg6 29. g4 Bb6 30. Ke2 h5 31. h3 hxg4 32. hxg4 Bc5 33. b4 Be7 34. a4 Bg5 35. Ne1 b6 36. Nd3 Kf7 37. f4 Be7 38. Kf3 Kg6 39. b5 Bc5 40. Bb4 Bxb4 41. Nxb4 Nb2 42. Nc6 Nxa4 43. Nxa7 Kf7 44. Nc8 Nc3 45. Nd6+ Ke7 46. f5 exf5 47. gxf5 Kd7 48. Ke3 Na2 49. Kd4 Nb4 50. Nf7 Ke7 51. Nh8 Kd7 52. Ng6 Kc7 53. Nf4 Nc2+ 54. Kxd5 Kd8 55. Ne6+ Kd7 56. Nxg7 Na3 57. e6+ Ke7 58. Ke5 Nc4+ 59. Kd4 Nd6 60. Ke5 Nc4+ 61. Kd5 Nd6 62. f6+ Kxf6 63. Kxd6 Kxg7 64. Kd7 1-0

[Event "Sunningdale e2e4 op U1800 05"]
[Site "Sunningdale"]
[Date "2013.05.25"]
[Round "2"]
[White "Archer Lock, Helen"]
[Black "Lim, Yu Chin"]
[Result "0-1"]
[WhiteElo "1169"]
[BlackElo "1593"]
[PlyCount "152"]
[EventDate "2013.05.25"]
[EventType "swiss"]
[EventRounds "7"]
[EventCountry "ENG"]
[SourceTitle "EXT 2014"]
[Source "ChessBase"]
[SourceDate "2013.11.20"]
[SourceVersion "1"]
[SourceVersionDate "2013.11.20"]
[SourceQuality "1"]

1. d4 d5 2. c4 c6 3. cxd5 cxd5 4. Nc3 Nf6 5. Nf3 Nc6 6. Bf4 e6 7. h3 Bb4 8. Qc2 Ne4 9. e3 Qa5 10. Rc1 0-0 11. Bd3 f5 12. 0-0 Bd7 13. Ne5 Nxe5 14. Bxe5 Rac8 15. Bxe4 fxe4 16. Bf4 Rc4 17. Bg3 Rfc8 18. Qb1 Bxc3 19. bxc3 Rxc3 20. Rxc3 Qxc3 21. Qxb7 Qc6 22. Qxc6 Rxc6 23. Rb1 Ra6 24. Rb2 Kf7 25. Kf1 Ke7 26. Ke2 Bc6 27. Be5 g6 28. Kd2 Ra3 29. Ke2 a6 30. Ke1 Bb5 31. Rc2 Bc4 32. Rb2 Rxa2 33. Rb7+ Ke8 34. Rxh7 Re2+ 35. Kf1 Rxe3+ 36. Kg1 Re1+ 37. Kh2 e3 38. fxe3 Rxe3 39. Rg7 Bd3 40. Bf4 Re2 41. Kg1 Be4 42. g4 Rg2+ 43. Kf1 Ra2 44. Be5 Bg2+ 45. Ke1 Be4 46. Bf6 Rh2 47. Re7+ Kf8 48. Rxe6 Bd3 49. Re3 Bc4 50. h4 Kf7 51. Rf3 Ke6 52. Bg5 Kd7 53. Rf7+ Kc8 54. Rf6 Bd3 55. Rd6 Re2+ 56. Kd1 Re4 57. Rxd5 Rxg4 58. Rd8+ Kc7 59. Kd2 Bf5 60. Kc3 Rxg5 61. hxg5 Kxd8 62. Kc4 Kd7 63. Kc5 Be4 64. Kc4 Kd6 65. Kb3 Kd5 66. Kc3 a5 67. Kb3 Kc6 68. Kc4 a4 69. Kb4 Bc2 70. Kc4 Bb3+ 71. Kb4 Kd5 72. Kc3 Ke4 73. Kd2 Kxd4 74. Kc1 Ke4 75. Kd2 Kf4 76. Kd3 Kxg5 0-1